000 00492nam a2200181Ia 4500
005 20250508150357.0
008 008 250505s9999 xx 000 0 eng d
037 _aReference
040 _aFEDL
_beng
_cFEDL
041 _aeng
_2eng
084 _a423.1, BRE
_qFEDL
100 _aBrewer E Cobham
245 0 _aDictionary of phrase and fable
260 _aLondon, UK
_bCassell and Company Limited
300 _a346p.
942 _cREF
_h423.1, BRE
999 _c1323296
_d1323296